000 00283nam a2200097Ia 4500
008 160329s9999 xx 000 0 und d
245 _aAITopics
500 _aA collection of information on Artificial Intelligence
650 _aInformation Technology.
856 _uhttp://aitopics.org/
999 _c292978
_d292978